| 000 | 00500nam a2200169 a 4500 | ||
|---|---|---|---|
| 005 | 20140414132110.0 | ||
| 008 | 110513s19uu xx 00 eng d | ||
| 050 |
_aREF 550 _bB35 2002 |
||
| 100 | _aBerger, Melvin | ||
| 245 |
_aAre mountains growing taller? : _bquestions and answers about the changing earth. |
||
| 260 |
_aNew York : _bScholastic, _c2002. |
||
| 440 | _aScholastic question and answer series | ||
| 650 | _aGeodynamics - | ||
| 650 | _aGeology | ||
| 650 | _aOcean | ||
| 999 |
_c114732 _d114732 |
||